000
00317 a2200133 4500
020
_a
0007154917
040
_a
DLC
_b
DLC
082
_a
823.912
100
_a
Christie, Agatha
245
_a
Ordeal by innocence
_c
Agatha Christie
260
_a
London,
_b
Collins,
_c
1958.
300
_a
352 p. ; 20 cm.
942
_c
BK
_2
ddc
999
_c
481758
_d
481758